[Event "91st YMCA Spring 2011-C"]
[Site "Warszawa"]
[Date "2011.04.27"]
[Round "4"]
[White "Duda, Ryszard"]
[Black "Wilczynski, Adam"]
[Result "1-0"]
[WhiteElo "1769"]
[BlackElo "1768"]
[Annotator "M"]
[PlyCount "181"]
[EventDate "2011.04.06"]
[EventType "tourn"]
[EventRounds "1"]
[EventCountry "POL"]
[SourceDate "2011.04.06"]

1. e4 c5 2. Nf3 d6 3. d4 cxd4 4. Nxd4 Nf6 5. Nc3 a6 6. f3 e5 7. Nb3 Be6 8. Be3
Be7 9. Be2 O-O 10. O-O b5 11. Qd2 Nbd7 12. Rfd1 Nb6 13. Bf1 Nc4 14. Qc1 Qc7 15.
Bf2 Rac8 16. Nd5 Nxd5 17. exd5 Bd7 18. c3 Qd8 19. Bxc4 Rxc4 20. Nd2 Bg5 21. Qc2
Rc8 22. Ne4 Bf5 23. Qe2 Be7 24. Rac1 $11 Bd7 25. Be3 f5 26. Nf2 Bg5 27. Bxg5
Qxg5 28. Qd2 Qd8 29. Kh1 Qa5 30. a3 Rc7 31. Nd3 Qb6 32. Qf2 Qb7 33. Ne1 Rc5 34.
Qd2 f4 35. Nc2 Rfc8 36. Qd3 Be8 37. Nb4 Bg6 38. Qd2 Bf7 39. Qe2 Be8 40. Qe4 g6
41. Rd2 a5 42. Na2 Rc4 43. Qe1 Bf7 44. Rcd1 Kg7 45. Qe2 Kf6 46. Qf2 g5 47. Qe2
Rg8 48. b4 a4 49. Qf2 h5 50. Qf1 Be8 51. Qf2 Qc7 52. Re1 Bg6 53. Red1 Bf5 54.
Rc1 Kf7 55. Re1 Rg7 56. Rc1 Kg8 57. Re1 Qd8 58. Rc1 g4 59. Qe2 h4 60. fxg4 Bxg4
61. Qd3 e4 62. Qf1 f3 63. Qf2 Bh5 64. Rd4 Rxg2 65. Rg1 Kh7 66. Rxg2 fxg2+ 67.
Kg1 Bf3 68. Rxc4 bxc4 69. Qd4 Qg5 70. b5 e3 71. b6 Bxd5 72. Nb4 Bb7 73. Qxd6
Qg7 74. Qf4 Qxc3 75. Qxh4+ Kg6 76. Qg4+ Kf6 77. Qf4+ Ke6 78. Qg4+ Kd6 79. Qf4+
Kc5 80. Qc7+ Kb5 81. Qxb7 Qe1+ 82. Kxg2 Qf2+ 83. Kh3 Qf5+ 84. Kh4 Qf6+ 85. Kg4
Qe6+ 86. Kf4 e2 87. Qa6+ Kc5 88. Qa5+ Kd4 89. Nc2+ Kd3 90. Ne1+ Kd4 91. Nf3+
1-0

[Event "91st YMCA Spring 2011-C"]
[Site "Warszawa"]
[Date "2011.04.28"]
[Round "4"]
[White "Pastuszko, Kinga"]
[Black "Wrabel, Antoni"]
[Result "1/2-1/2"]
[WhiteElo "1804"]
[BlackElo "1751"]
[Annotator "M"]
[PlyCount "73"]
[EventDate "2011.04.06"]
[EventType "tourn"]
[EventRounds "1"]
[EventCountry "POL"]
[SourceDate "2011.04.06"]

1. e4 e5 2. Nf3 Nc6 3. d4 exd4 4. Bc4 Be7 5. c3 Na5 6. Qxd4 Nxc4 7. Qxc4 d6 8.
O-O Nf6 9. Na3 O-O 10. Nc2 d5 11. exd5 Qxd5 12. Qxd5 Nxd5 13. c4 Nb6 14. b3 Bf6
15. Ba3 Re8 16. Rad1 Bg4 17. Ne3 Bxf3 $11 18. gxf3 Rad8 19. f4 g6 20. Bc5 c6
21. a4 Nc8 22. Ng4 Bg7 23. Ne5 f6 24. Ng4 h5 25. Ne3 Bf8 26. Bxf8 Kxf8 27. f5
g5 28. Nc2 c5 29. Ne3 Kf7 30. Nd5 Re5 31. Nc7 Rd4 32. Rxd4 cxd4 33. Rd1 Nd6 34.
Rxd4 Nxf5 $11 35. Rd7+ Re7 36. Rxe7+ Kxe7 37. Nd5+ 1/2-1/2

[Event "91st YMCA Spring 2011-C"]
[Site "Warszawa"]
[Date "2011.05.04"]
[Round "5"]
[White "Wrabel, Antoni"]
[Black "Kwiek, Janusz"]
[Result "1-0"]
[WhiteElo "1751"]
[BlackElo "1755"]
[PlyCount "95"]
[EventDate "2011.04.06"]
[EventType "tourn"]
[EventRounds "1"]
[EventCountry "POL"]
[SourceDate "2011.04.06"]

1. e4 c5 2. Nf3 Nc6 3. d4 cxd4 4. Nxd4 e5 5. Nb5 d6 6. N5c3 Nf6 7. Be2 Be7 8.
O-O O-O 9. Be3 Be6 10. Nd2 Qd7 11. f4 exf4 12. Bxf4 Nd4 13. Bd3 Bg4 14. Qe1
Rac8 15. Be3 Nc6 16. Nf3 Bh5 17. h3 a6 18. Nd4 Nxd4 19. Bxd4 Bg6 20. Qg3 Nh5
21. Qe3 Bf6 22. Nd5 Bxd4 23. Qxd4 Rce8 24. g4 Nf6 25. Rxf6 Re5 26. Rf4 h5 27.
Raf1 hxg4 28. hxg4 Rg5 29. Ne3 Bh5 30. Be2 Qe6 31. Rf5 Qh6 32. Rxg5 Qxg5 33.
Rf5 Qh4 34. Rxh5 Qe1+ 35. Bf1 Qg3+ 36. Bg2 Re8 37. Qxg7+ Kxg7 38. Nf5+ Kg6 39.
Nxg3 Kf6 40. Rd5 Ke6 41. Nf5 Rc8 42. Rxd6+ Ke5 43. Rd5+ Kf4 44. c3 Kxg4 45. Nd6
Rc7 46. Kf2 b5 47. Rf5 Rd7 48. Bf3+ 1-0

[Event "91st YMCA Spring 2011-C"]
[Site "Warszawa"]
[Date "2011.05.03"]
[Round "5"]
[White "Wilczynski, Adam"]
[Black "Pastuszko, Kinga"]
[Result "1/2-1/2"]
[WhiteElo "1768"]
[BlackElo "1804"]
[Annotator "M"]
[PlyCount "47"]
[EventDate "2011.04.06"]
[EventType "tourn"]
[EventRounds "1"]
[EventCountry "POL"]
[SourceDate "2011.04.06"]

1. c4 e5 2. g3 Nf6 3. Bg2 d5 4. cxd5 Nxd5 5. Nf3 Nc6 6. O-O Nb6 7. d3 Be7 8. a3
O-O 9. b4 Re8 10. Bb2 Bf8 11. Nbd2 Bg4 12. Rc1 a5 13. Rxc6 bxc6 14. Nxe5 Rxe5
15. Bxe5 Qe7 16. f3 Qxe5 17. fxg4 axb4 18. axb4 Bxb4 19. Ne4 Nd5 20. d4 Qe6 21.
Qc1 Ba3 22. Qg5 Be7 23. Qc1 Ba3 24. Qg5 $11 1/2-1/2

[Event "91st YMCA Spring 2011-C"]
[Site "Warszawa"]
[Date "2011.05.04"]
[Round "5"]
[White "Wroblewski, Szymon"]
[Black "Duda, Ryszard"]
[Result "0-1"]
[WhiteElo "1831"]
[BlackElo "1769"]
[PlyCount "151"]
[EventDate "2011.04.06"]
[EventType "tourn"]
[EventRounds "1"]
[EventCountry "POL"]
[SourceDate "2011.04.06"]

1. e4 c5 2. Nf3 d6 3. d4 cxd4 4. Nxd4 Nf6 5. Nc3 a6 6. Be2 Nc6 7. Be3 e6 8. O-O
Be7 9. f4 Nxd4 10. Bxd4 b5 11. Bf3 Bb7 12. e5 Bxf3 13. Qxf3 dxe5 14. Qc6+ Nd7
15. Bxe5 O-O 16. Bc7 Qc8 17. Rad1 Nf6 18. a4 b4 19. Nb5 axb5 20. axb5 Nd5 21.
b6 Nxc7 22. b7 Qb8 23. bxa8=Q Nxa8 24. Rd7 Bf6 25. Rb7 Qc8 26. Qxc8 Rxc8 27.
Rxb4 Nb6 28. c3 Nd5 29. Rb7 g6 30. g3 Kg7 31. Re1 Rc6 32. Kg2 Rc7 33. Rxc7 Nxc7
34. Re4 Kf8 35. Re2 Ke7 36. Rd2 Nd5 37. Rd3 Ke8 38. Kf3 Be7 39. Ke4 Nb6 40. b3
Nd7 41. b4 f5+ 42. Kd4 Bf6+ 43. Kc4 e5 44. Re3 e4 45. g4 Nb6+ 46. Kc5 Bxc3 47.
gxf5 gxf5 48. Rxc3 Na4+ 49. Kc4 Nxc3 50. Kxc3 Kd7 51. b5 Kc7 52. Kd4 Kb6 53.
Kc4 Kc7 54. Kc3 Kd7 55. Kc4 Kc7 56. Kc3 Kb6 57. Kc4 h6 58. h3 h5 59. h4 e3 60.
Kd3 Kxb5 61. Kxe3 Kc4 62. Ke2 Kd4 63. Kf3 Kd3 64. Kf2 Ke4 65. Kg3 Ke3 66. Kg2
Kxf4 67. Kh3 Kf3 68. Kh2 Kg4 69. Kg2 Kxh4 70. Kg1 Kg3 71. Kh1 h4 72. Kg1 f4 73.
Kh1 Kf2 74. Kh2 f3 75. Kh3 Ke2 76. Kh2 0-1

[Event "91st YMCA Spring 2011-C"]
[Site "Warszawa"]
[Date "2011.05.06"]
[Round "5"]
[White "Kowalik, Pawel"]
[Black "Koziol, Pawel"]
[Result "0-1"]
[WhiteElo "1735"]
[BlackElo "1814"]
[PlyCount "44"]
[EventDate "2011.04.06"]
[EventType "tourn"]
[EventRounds "1"]
[EventCountry "POL"]
[SourceDate "2011.04.06"]

1. d4 c5 2. d5 Nf6 3. c4 e5 4. dxe6 fxe6 5. Nc3 d5 6. Bg5 d4 7. Nb5 Nc6 8. Nf3
e5 9. e4 Be7 10. Bd3 O-O 11. O-O Bg4 12. Bxf6 Rxf6 13. Be2 a6 14. Na3 Rh6 15.
h3 Be6 16. Ne1 Rh4 17. Bd3 Qd7 18. f3 Bg5 19. Kf2 Bxh3 20. gxh3 Rxh3 21. Ng2
Rh2 22. Nc2 Bh4+ 0-1

[Event "91st YMCA Spring 2011-C"]
[Site "Warszawa"]
[Date "2011.05.05"]
[Round "5"]
[White "Szukalski, Antoni"]
[Black "Krzyzanowski, Antoni"]
[Result "1-0"]
[WhiteElo "1815"]
[BlackElo "1793"]
[PlyCount "89"]
[EventDate "2011.04.06"]
[EventType "tourn"]
[EventRounds "1"]
[EventCountry "POL"]
[SourceDate "2011.04.06"]

1. e4 c5 2. c3 e6 3. d4 d5 4. e5 Nc6 5. Nf3 Qb6 6. Bd3 Bd7 7. Bc2 f5 8. O-O
O-O-O 9. dxc5 Bxc5 10. b4 Be7 11. Be3 Qc7 12. Re1 h6 13. a4 g5 14. Bd4 h5 15.
b5 Na5 16. Bxf5 exf5 17. e6 Rh7 18. exd7+ Rxd7 19. Ne5 Rd6 20. Nd2 h4 21. Qb1
Nh6 22. Nd3 g4 23. Be5 g3 24. h3 gxf2+ 25. Nxf2 Qb6 26. Bxd6 Bxd6 27. Re8+ Kd7
28. Re2 Rf7 29. Qd3 Qc5 30. Rd1 Ng4 31. hxg4 fxg4 32. Qd4 g3 33. Nd3 Qc7 34.
Qg4+ Kd8 35. Qg8+ Rf8 36. Qg5+ Kc8 37. Qxd5 Rd8 38. Qf5+ Kb8 39. Rde1 Qxc3 40.
Re8 Qd4+ 41. Kh1 Bc7 42. Rxd8+ Bxd8 43. Qe5+ Qxe5 44. Nxe5 b6 45. Rc1 1-0

[Event "91st YMCA Spring 2011-C"]
[Site "Warszawa"]
[Date "2011.05.04"]
[Round "5"]
[White "Jarmolowski, Tadeusz"]
[Black "Wyszomirski, Krzysztof"]
[Result "1/2-1/2"]
[WhiteElo "1723"]
[BlackElo "1728"]
[PlyCount "44"]
[EventDate "2011.04.06"]
[EventType "tourn"]
[EventRounds "1"]
[EventCountry "POL"]
[SourceDate "2011.04.06"]

1. e4 c5 2. c3 d6 3. d4 cxd4 4. Qxd4 Nc6 5. Qa4 Nf6 6. Bd3 Nd7 7. Nf3 Nc5 8.
Qc2 e5 9. Be3 Nxd3+ 10. Qxd3 Be7 11. Nbd2 a6 12. O-O O-O 13. Nc4 b5 14. Nb6 Rb8
15. Nd5 Be6 16. Nd2 Re8 17. Rfd1 Bf8 18. Nf1 Ne7 19. Nxe7+ Bxe7 20. f3 Qd7 21.
Bf2 g6 22. Ne3 Rec8 1/2-1/2

[Event "91st YMCA Spring 2011-C"]
[Site "Warszawa"]
[Date "2011.04.21"]
[Round "5"]
[White "Palka, Dominika"]
[Black "Major, Boguslaw"]
[Result "0-1"]
[WhiteElo "1766"]
[BlackElo "1811"]
[PlyCount "52"]
[EventDate "2011.04.06"]
[EventType "tourn"]
[EventRounds "1"]
[EventCountry "POL"]
[SourceDate "2011.04.06"]

1. d4 d5 2. c4 dxc4 3. e4 e5 4. d5 Nf6 5. Nc3 Bc5 6. Bxc4 Ng4 7. Nh3 h6 8. b4
Bd4 9. Bb2 Nf6 10. Qe2 Bg4 11. Qc2 Bxh3 12. gxh3 Qe7 13. a3 a6 14. Rg1 g6 15.
Rg3 Nh5 16. Rf3 Nf4 17. O-O-O g5 18. Rxd4 exd4 19. Ne2 d3 20. Qa4+ b5 21. Bxb5+
axb5 22. Qxa8 Nxe2+ 23. Kd2 O-O 24. Rf6 Qxe4 25. Rxh6 Nd4 26. Bxd4 Qe2+ 0-1

[Event "91st YMCA Spring 2011-C"]
[Site "Warszawa"]
[Date "2011.04.19"]
[Round "6"]
[White "Kwiek, Janusz"]
[Black "Major, Boguslaw"]
[Result "1-0"]
[WhiteElo "1755"]
[BlackElo "1811"]
[Annotator "Admin"]
[PlyCount "131"]
[EventDate "2011.04.06"]
[EventType "tourn"]
[EventRounds "1"]
[EventCountry "POL"]
[SourceDate "2011.04.06"]

1. Nf3 Nf6 2. d4 g6 3. c4 d5 4. cxd5 Nxd5 5. e4 Nb6 6. Nc3 Bg7 7. Be3 Bg4 8.
Be2 Nc6 9. e5 Nd5 10. Nxd5 Qxd5 11. h3 Bxf3 12. Bxf3 Qb5 13. Qd2 Rd8 14. a4 Qc4
15. Qc3 Qxc3+ 16. bxc3 Na5 17. Be2 O-O 18. O-O c5 19. Rab1 cxd4 20. cxd4 b6 21.
Rfc1 Rc8 22. Ba6 Rc6 23. Rxc6 Nxc6 24. Rc1 Nb4 25. Bb7 f6 26. f4 Bh6 27. g3
fxe5 28. dxe5 Nd3 29. Rc3 Rd8 30. Be4 Nb4 31. Rc7 Nd3 32. Rxe7 Bf8 33. Rxa7 Nc5
34. Bc2 Rc8 35. Bd1 Ne4 36. Kg2 Rc3 37. Bxb6 Rxg3+ 38. Kh2 Rd3 39. Bg4 Bh6 40.
Be6+ Kf8 41. Rf7+ Ke8 42. Bc4 Rc3 43. Bd5 Rd3 44. Be6 Rf3 45. Rxh7 Bxf4+ 46.
Kg1 Bxe5 $11 47. Bd7+ Kf8 48. Bc6 Rg3+ 49. Kf1 Ng5 50. Bc5+ Kg8 51. Re7 Bf6 52.
Bd5+ Kh8 53. Re3 Rxh3 54. Rxh3+ Nxh3 55. a5 Nf4 56. Bc4 Be5 57. Kf2 Kg7 58. Kf3
Nh3 59. Ke4 Bb8 60. Kd5 Ng5 61. Kc6 Ne4 62. Bd4+ Kf8 63. a6 Ke8 64. Be6 Nd6 65.
Bd7+ Kd8 66. Bf6# 1-0

[Event "91st YMCA Spring 2011-C"]
[Site "Warszawa"]
[Date "2011.05.25"]
[Round "6"]
[White "Wyszomirski, Krzysztof"]
[Black "Palka, Dominika"]
[Result "0-1"]
[WhiteElo "1728"]
[BlackElo "1766"]
[PlyCount "42"]
[EventDate "2011.04.06"]
[EventType "tourn"]
[EventRounds "1"]
[EventCountry "POL"]
[SourceDate "2011.04.06"]

1. e4 e5 2. Nf3 Nc6 3. Bb5 a6 4. Ba4 g6 5. O-O Bg7 6. c3 d6 7. d4 b5 8. Bb3
exd4 9. Bd5 Nge7 10. Nxd4 Bd7 11. Bg5 f6 12. Bh4 Nxd5 13. Nxc6 Bxc6 14. exd5
Bd7 15. Re1+ Kf7 16. Qf3 h5 17. h3 Bh6 18. Na3 g5 19. Qxh5+ Kg7 20. Bg3 g4 21.
Re4 Bg5 0-1

[Event "91st YMCA Spring 2011-C"]
[Site "Warszawa"]
[Date "2011.05.10"]
[Round "6"]
[White "Krzyzanowski, Antoni"]
[Black "Jarmolowski, Tadeusz"]
[Result "1-0"]
[WhiteElo "1793"]
[BlackElo "1723"]
[PlyCount "57"]
[EventDate "2011.04.06"]
[EventType "tourn"]
[EventRounds "1"]
[EventCountry "POL"]
[SourceDate "2011.04.06"]

1. e4 d5 2. exd5 Qxd5 3. Nc3 Qd6 4. d4 Nf6 5. Bg5 a6 6. Qd2 Bf5 7. Nf3 Nc6 8.
Bc4 e6 9. O-O O-O-O 10. Rfd1 h6 11. Be3 g5 12. a3 Be7 13. b4 b5 14. Be2 Nd5 15.
Nxd5 exd5 16. c3 Be4 17. a4 f5 18. axb5 axb5 19. Qa2 g4 20. Ne5 Nxe5 21. dxe5
Qc6 22. Qa5 d4 23. Bxb5 Qb6 24. Bxd4 Qxa5 25. Rxa5 c6 26. Be2 h5 27. e6 Rhg8
28. Ra8+ Kb7 29. Ra7+ 1-0

[Event "91st YMCA Spring 2011-C"]
[Site "Warszawa"]
[Date "2011.05.27"]
[Round "6"]
[White "Koziol, Pawel"]
[Black "Szukalski, Antoni"]
[Result "1-0"]
[WhiteElo "1814"]
[BlackElo "1815"]
[PlyCount "63"]
[EventDate "2011.04.06"]
[EventType "tourn"]
[EventRounds "1"]
[EventCountry "POL"]
[SourceDate "2011.04.06"]

1. e4 c5 2. Nf3 d6 3. d4 cxd4 4. Nxd4 e6 5. Nc3 a6 6. g4 Nc6 7. Be3 Bd7 8. Qf3
Nge7 9. Qg3 Nxd4 10. Bxd4 Nc6 11. Be3 Be7 12. h4 Qa5 13. Bc4 Bf6 14. O-O Bxc3
15. bxc3 Qxc3 16. Bd3 Ne5 17. Rad1 Qc7 18. f4 Nc6 19. f5 e5 20. Qf2 b5 21. c4
Rb8 22. cxb5 axb5 23. Rb1 Qa5 24. Rb2 f6 25. Rfb1 Nd8 26. g5 Bc6 27. Qe2 O-O
28. gxf6 Rxf6 29. a4 Qa8 30. Bg5 Rf7 31. axb5 Bb7 32. Ra2 1-0

[Event "91st YMCA Spring 2011-C"]
[Site "Warszawa"]
[Date "2011.05.13"]
[Round "6"]
[White "Duda, Ryszard"]
[Black "Kowalik, Pawel"]
[Result "1-0"]
[WhiteElo "1769"]
[BlackElo "1735"]
[PlyCount "207"]
[EventDate "2011.04.06"]
[EventType "tourn"]
[EventRounds "1"]
[EventCountry "POL"]
[SourceDate "2011.04.06"]

1. e4 e5 2. Nf3 Nc6 3. Bb5 a6 4. Ba4 Nf6 5. O-O Be7 6. Re1 b5 7. Bb3 O-O 8. c3
d5 9. exd5 Nxd5 10. h3 e4 11. Rxe4 Bf5 12. Re1 Bd3 13. Bc2 Nf4 14. Bxd3 Nxd3
15. Re2 Bc5 16. a4 Qd5 17. axb5 axb5 18. Rxa8 Rxa8 19. Na3 b4 20. Nc2 Qb3 21.
Nfe1 Nce5 22. Rxe5 Bxf2+ 23. Kf1 Bxe1 24. Rxe1 Nxe1 25. Kxe1 c5 26. Ne3 Qe6 27.
Qc2 g6 28. b3 f5 29. Kf1 f4 30. Nd1 f3 31. Ne3 fxg2+ 32. Kxg2 Qc6+ 33. Kg1 Qf3
34. cxb4 cxb4 35. Qc4+ Qf7 36. Qd4 Rf8 37. Qd5 Qxd5 38. Nxd5 Rf3 39. Ne3 Rxh3
40. Kg2 Rh5 41. d4 Ra5 42. Kf3 Ra1 43. Bd2 Rb1 44. Bxb4 Rxb3 45. Bd6 Kf7 46.
Bf4 Ke6 47. Ke4 Rb4 48. Bh6 Ra4 49. Nd5 Ra5 50. Nf4+ Kf6 51. Nd5+ Ke6 52. Ne3
Ra4 53. Bg5 h5 54. Ng2 Ra5 55. Nf4+ Kd6 56. Bf6 g5 57. Be5+ Kd7 58. Nxh5 Ke6
59. Ng7+ Kf7 60. Kf5 g4 61. Kxg4 Ra1 62. Kf5 Rf1+ 63. Ke4 Re1+ 64. Kd5 Ke7 65.
Ne6 Rd1 66. Nc5 Ke8 67. Kd6 Kf7 68. d5 Kg6 69. Ke6 Kg5 70. d6 Kg4 71. d7 Rxd7
72. Nxd7 Kf3 73. Kf5 Kf2 74. Nf6 Kf3 75. Bf4 Kf2 76. Nd5 Kf3 77. Ne3 Kf2 78.
Ke4 Kg1 79. Kf3 Kh1 80. Nf1 Kg1 81. Ne3 Kh1 82. Ng4 Kg1 83. Nf2 Kf1 84. Nh3 Ke1
85. Be3 Kf1 86. Nf4 Ke1 87. Ne2 Kf1 88. Ng3+ Ke1 89. Ke4 Kd1 90. Kd3 Ke1 91.
Bd4 Kd1 92. Bc3 Kc1 93. Nf1 Kb1 94. Ne3 Kc1 95. Bd4 Kb1 96. Kc3 Kc1 97. Bc5 Kb1
98. Ba3 Ka2 99. Bb2 Kb1 100. Ba3 Ka2 101. Nc4 Kb1 102. Kb3 Ka1 103. Bb2+ Kb1
104. Nd2# 1-0

[Event "91st YMCA Spring 2011-C"]
[Site "Warszawa"]
[Date "2011.05.19"]
[Round "6"]
[White "Pastuszko, Kinga"]
[Black "Wroblewski, Szymon"]
[Result "1/2-1/2"]
[WhiteElo "1804"]
[BlackElo "1831"]
[Annotator "M"]
[PlyCount "40"]
[EventDate "2011.04.06"]
[EventType "tourn"]
[EventRounds "1"]
[EventCountry "POL"]
[SourceDate "2011.04.06"]

1. e4 c5 2. Nf3 d6 3. d4 cxd4 4. Nxd4 Nf6 5. Nc3 a6 6. Bd3 Nc6 7. Nxc6 bxc6 8.
O-O e5 9. Qe1 Be7 10. f3 O-O 11. Be3 d5 12. Bf2 d4 13. Nb1 Nh5 14. Nd2 Nf4 15.
Nc4 f6 16. Bg3 g5 17. Qd1 Be6 18. a4 a5 19. b3 Qc7 20. Nb2 Rfd8 $11 1/2-1/2

[Event "91st YMCA Spring 2011-C"]
[Site "Warszawa"]
[Date "2011.05.19"]
[Round "6"]
[White "Wrabel, Antoni"]
[Black "Wilczynski, Adam"]
[Result "1/2-1/2"]
[WhiteElo "1751"]
[BlackElo "1768"]
[Annotator "M"]
[PlyCount "75"]
[EventDate "2011.04.06"]
[EventType "tourn"]
[EventRounds "1"]
[EventCountry "POL"]
[SourceDate "2011.04.06"]

1. e4 c5 2. Nf3 d6 3. d4 cxd4 4. Nxd4 Nf6 5. f3 e5 6. Nb5 a6 7. N5c3 Be6 8. Be3
d5 9. exd5 Nxd5 10. Nxd5 Qxd5 11. Qxd5 Bxd5 12. c4 Be6 13. Nc3 Bb4 14. Rc1 Nd7
15. a3 Bc5 16. Bxc5 Nxc5 17. b4 Nb3 18. Rd1 Rd8 19. Be2 Nd4 20. Bd3 Ke7 21. Kf2
Rhe8 22. Rhe1 f6 23. h3 Kf7 24. Ne4 h5 25. Nc5 Bc8 26. Be4 Re7 27. Na4 Bd7 28.
Nb6 Bc6 29. Bxc6 Nxc6 $11 30. Rxd8 Nxd8 31. Rd1 Ne6 32. c5 Nd4 33. Rd2 h4 34.
g3 hxg3+ 35. Kxg3 g5 36. Kg2 Ke6 37. a4 Rc7 38. Rb2 $11 1/2-1/2

[Event "91st YMCA Spring 2011-C"]
[Site "Warszawa"]
[Date "2011.05.18"]
[Round "7"]
[White "Wilczynski, Adam"]
[Black "Kwiek, Janusz"]
[Result "0-1"]
[WhiteElo "1768"]
[BlackElo "1755"]
[PlyCount "102"]
[EventDate "2011.04.06"]
[EventType "tourn"]
[EventRounds "1"]
[EventCountry "POL"]
[SourceDate "2011.04.06"]

1. c4 Nf6 2. g3 c5 3. Bg2 Nc6 4. Nc3 g6 5. a3 Bg7 6. Nh3 O-O 7. Nf4 a6 8. Rb1
Rb8 9. b4 cxb4 10. axb4 b5 11. cxb5 axb5 12. O-O e6 13. d4 d5 14. e3 Qd6 15.
Nd3 Bd7 16. f4 Rfc8 17. Nc5 Ne7 18. Qe2 Be8 19. Bd2 Qb6 20. g4 Ra8 21. Ra1 Bc6
22. Rfd1 Ne8 23. Be1 Nd6 24. Bh4 Ra7 25. Ra5 Nc4 26. Rxa7 Qxa7 27. Rc1 Ra8 28.
Rc2 Qc7 29. Ra2 Rxa2 30. Nxa2 Kf8 31. Nc1 Qa7 32. Kf2 Qa3 33. N1d3 Nc8 34. Qc2
N8d6 35. Qb3 Qa1 36. Qc2 Ne4+ 37. Bxe4 dxe4 38. Ne5 Bxe5 39. fxe5 Qh1 40. Bg3
Qf3+ 41. Kg1 Qxe3+ 42. Bf2 Qf3 43. d5 Qxg4+ 44. Kf1 Bxd5 45. Nd7+ Kg7 46. Nf6
Qh3+ 47. Ke1 e3 48. Bg3 Nd2 49. Ke2 Qg2+ 50. Kxe3 Nc4+ 51. Kd3 Qf3+ 0-1

[Event "91st YMCA Spring 2011-C"]
[Site "Warszawa"]
[Date "2011.05.18"]
[Round "7"]
[White "Wroblewski, Szymon"]
[Black "Wrabel, Antoni"]
[Result "1-0"]
[WhiteElo "1831"]
[BlackElo "1751"]
[PlyCount "85"]
[EventDate "2011.04.06"]
[EventType "tourn"]
[EventRounds "1"]
[EventCountry "POL"]
[SourceDate "2011.04.06"]

1. e4 e5 2. Nf3 Nc6 3. d4 exd4 4. Nxd4 Qh4 5. Nxc6 Qxe4+ 6. Be2 dxc6 7. O-O Be6
8. Nc3 Qf5 9. Qd4 Nf6 10. Bc4 Bd6 11. Bxe6 fxe6 12. Re1 O-O 13. Qc4 Rae8 14.
Be3 Ng4 15. Ne4 Bxh2+ 16. Kf1 Bd6 17. Rad1 Qh5 18. Qb3 Qh1+ 19. Ke2 Qxg2 20.
Qd3 Qf3+ 21. Kd2 Bf4 22. Kc1 Bxe3+ 23. fxe3 Rd8 24. Qxd8 Qxe4 25. Qxc7 h6 26.
Rd7 Qg6 27. Qxb7 Kh7 28. Qxa7 Rf2 29. Qc5 h5 30. a4 Ne5 31. Rd8 Nf7 32. Rd2 Rf5
33. Qxc6 Ne5 34. Qg2 Qe8 35. Qe4 g6 36. Rd6 Qb8 37. Rxe6 Qc7 38. Rg1 Kh6 39.
Rexg6+ Nxg6 40. Qxf5 Qb6 41. Rxg6+ Qxg6 42. Qxg6+ Kxg6 43. a5 1-0

[Event "91st YMCA Spring 2011-C"]
[Site "Warszawa"]
[Date "2011.05.20"]
[Round "7"]
[White "Kowalik, Pawel"]
[Black "Pastuszko, Kinga"]
[Result "1-0"]
[WhiteElo "1735"]
[BlackElo "1804"]
[PlyCount "83"]
[EventDate "2011.04.06"]
[EventType "tourn"]
[EventRounds "1"]
[EventCountry "POL"]
[SourceDate "2011.04.06"]

1. e4 e5 2. Nf3 Nc6 3. Bb5 a6 4. Bxc6 dxc6 5. O-O f6 6. d4 exd4 7. Nxd4 c5 8.
Ne2 Qxd1 9. Rxd1 Bd6 10. Bf4 Be6 11. Bxd6 O-O-O 12. Nf4 Bf7 13. Nc3 cxd6 14. a4
b6 15. Nfd5 Kb7 16. f3 Bxd5 17. Nxd5 Nh6 18. Rab1 b5 19. b4 Kc6 20. axb5+ axb5
21. c3 c4 22. Ra1 Ra8 23. Ra5 Rxa5 24. bxa5 Ra8 25. Nb4+ Kc7 26. Nd5+ Kc6 27.
Nb4+ Kc7 28. Ra1 Nf7 29. Kf2 Ne5 30. Ke3 Nc6 31. Nxc6 Kxc6 32. Kd4 Rd8 33. f4
d5 34. e5 Rb8 35. a6 fxe5+ 36. fxe5 Rf8 37. a7 Ra8 38. e6 b4 39. cxb4 Kd6 40.
Ra6+ Ke7 41. b5 Kd8 42. e7+ 1-0

[Event "91st YMCA Spring 2011-C"]
[Site "Warszawa"]
[Date "2011.05.18"]
[Round "7"]
[White "Szukalski, Antoni"]
[Black "Duda, Ryszard"]
[Result "1-0"]
[WhiteElo "1815"]
[BlackElo "1769"]
[PlyCount "65"]
[EventDate "2011.04.06"]
[EventType "tourn"]
[EventRounds "1"]
[EventCountry "POL"]
[SourceDate "2011.04.06"]

1. e4 e5 2. Nf3 Nc6 3. d4 exd4 4. Nxd4 d6 5. Bc4 Nxd4 6. Qxd4 Be6 7. Nc3 Bxc4
8. Qxc4 Nf6 9. Bg5 Be7 10. O-O-O Nd7 11. Bxe7 Kxe7 12. Nd5+ Kf8 13. Qxc7 Nb6
14. Qxd8+ Rxd8 15. Nxb6 axb6 16. Rd5 f6 17. Rhd1 Ke7 18. Rb5 Rd7 19. Rxb6 Rc8
20. Rd3 Rdc7 21. c3 Rd8 22. Rd5 Rdd7 23. Kc2 Rc4 24. Kd3 Rc5 25. Kd4 Rc6 26.
Rdb5 Rxb6 27. Rxb6 Ke6 28. f4 g6 29. e5 fxe5+ 30. fxe5 Ke7 31. exd6+ Rxd6+ 32.
Rxd6 Kxd6 33. b4 1-0

[Event "91st YMCA Spring 2011-C"]
[Site "Warszawa"]
[Date "2011.05.18"]
[Round "7"]
[White "Jarmolowski, Tadeusz"]
[Black "Koziol, Pawel"]
[Result "1/2-1/2"]
[WhiteElo "1723"]
[BlackElo "1814"]
[Annotator "M"]
[PlyCount "62"]
[EventDate "2011.04.06"]
[EventType "tourn"]
[EventRounds "1"]
[EventCountry "POL"]
[SourceDate "2011.04.06"]

1. e4 e5 2. f4 exf4 3. Nf3 d5 4. exd5 Nf6 5. Bb5+ Bd7 6. Bxd7+ Nbxd7 7. O-O Be7
8. Nc3 O-O 9. d4 Nb6 10. Qd3 Nbxd5 11. Nxd5 Qxd5 12. Bxf4 c6 13. Rae1 Rae8 14.
a3 Bd8 15. c4 Qd7 16. Ne5 Qc8 17. Bg5 Ng4 18. Bxd8 Nxe5 19. dxe5 Rxd8 20. Qe4
Rd2 21. Rf2 Rxf2 22. Kxf2 Qe6 23. Kg1 $11 Re8 24. Rd1 f6 25. Qd4 Qxe5 26. Qxe5
Rxe5 27. Rd7 b5 28. Rxa7 bxc4 29. Rc7 c3 30. bxc3 Rc5 31. a4 Rxc3 $11 1/2-1/2

[Event "91st YMCA Spring 2011-C"]
[Site "Warszawa"]
[Date "2011.05.18"]
[Round "7"]
[White "Palka, Dominika"]
[Black "Krzyzanowski, Antoni"]
[Result "1-0"]
[WhiteElo "1766"]
[BlackElo "1793"]
[PlyCount "85"]
[EventDate "2011.04.06"]
[EventType "tourn"]
[EventRounds "1"]
[EventCountry "POL"]
[SourceDate "2011.04.06"]

1. d4 Nf6 2. Bg5 d5 3. c4 c6 4. Nc3 dxc4 5. e4 b5 6. a4 b4 7. Bxf6 exf6 8. Na2
Ba6 9. Rc1 b3 10. Nc3 Bb4 11. Nf3 Qa5 12. Nd2 Bxc3 13. Rxc3 Qxa4 14. Bxc4 O-O
15. O-O Rd8 16. Bxa6 Nxa6 17. Nxb3 Rd6 18. Qf3 Rad8 19. Ra1 Rxd4 20. h3 Qxa1+
21. Nxa1 Rd1+ 22. Kh2 Rxa1 23. Ra3 Rxa3 24. Qxa3 Nb8 25. Qe7 Rf8 26. Qxa7 g6
27. f4 Kg7 28. e5 fxe5 29. fxe5 Kg8 30. Kg3 Re8 31. Kg4 Kf8 32. Kf4 Kg8 33. g4
h6 34. h4 Kf8 35. h5 g5+ 36. Kf5 Kg7 37. b4 Kg8 38. e6 Rxe6 39. Qxb8+ Kg7 40.
Qd8 c5 41. bxc5 Kh7 42. Qd7 Kg7 43. Qxe6 1-0

[Event "91st YMCA Spring 2011-C"]
[Site "Warszawa"]
[Date "2011.06.07"]
[Round "7"]
[White "Major, Boguslaw"]
[Black "Wyszomirski, Krzysztof"]
[Result "1-0"]
[WhiteElo "1811"]
[BlackElo "1728"]
[PlyCount "51"]
[EventDate "2011.04.06"]
[EventType "tourn"]
[EventRounds "1"]
[EventCountry "POL"]
[SourceDate "2011.04.06"]

1. e4 e5 2. Nf3 Nc6 3. Bb5 a6 4. Bxc6 dxc6 5. Nc3 Bd6 6. d4 exd4 7. Qxd4 f6 8.
Be3 Ne7 9. O-O-O Ng6 10. h3 Be6 11. Rhe1 b5 12. Kb1 O-O 13. h4 c5 14. Qd2 b4
15. Nd5 a5 16. h5 Ne5 17. Nxe5 fxe5 18. h6 g6 19. Bg5 Qc8 20. Be7 Rf7 21. Bxd6
Bxd5 22. Qxd5 cxd6 23. Qxd6 c4 24. Re3 c3 25. Qd5 Qc7 26. Qxa8+ 1-0